000 00707nam a2200217 i 4500
001 44241
003 ES-MaACL
005 20250814230836.0
007 t|
008 030320s1962 sp ||||1| spa d
245 0 3 _aLa ciencia de la economía y las decisiones económicas /
_cS. S. Alexander y G. Colm ; [traducción de Ricardo Defarges Ibáñez].
260 _aMadrid :
_bTecnos,
_c[1962]
300 _a187 p. ;
_c24 cm.
490 1 _aCiencias sociales ;
_v26
700 1 _aAlexander, Sidney S.
_919778
700 1 _aDefarges, Ricardo.
_943196
700 1 _aColm, G.
_939760
830 0 0 _aCiencias sociales
_v26
_9177859
852 _aES-MaACL
_jC-26669
_bR.55668
999 _c44241
_d44241